| 000 | 00559nam a2200205Ia 4500 | ||
|---|---|---|---|
| 003 | IIN | ||
| 005 | 20240105115730.0 | ||
| 008 | 231217s9999 xx 000 0 und d | ||
| 020 |
_cRs.595.00 _a9788194869375 |
||
| 040 |
_aIIN _bEnglish |
||
| 082 |
_a610.7 _bLAL |
||
| 100 | 1 | _aLal, Harvans | |
| 245 | 1 |
_aEssentials of Nutrition and Biochemistry _bfor B.Sc Nursing Students / _cHarvans Lal |
|
| 250 | _a3rd ed | ||
| 260 |
_bCBS _aNew Delhi _c2023 |
||
| 300 | _axxiv, 512p. | ||
| 650 | 1 |
_aNutrition _vNursing |
|
| 650 | 1 |
_aBiochemistry _vNursing |
|
| 942 | _cBOOK | ||
| 999 |
_c1511 _d1511 |
||